| 000 | 00908nam a2200289 a 4500 | ||
|---|---|---|---|
| 001 | 4890785 | ||
| 003 | SISC | ||
| 005 | 20160127141745.0 | ||
| 008 | 940112s1994 nyua e 001 0 eng | ||
| 010 | _a 93061662 | ||
| 020 | _a97801402377719 | ||
| 040 |
_aDLC _cDLC |
||
| 050 | 0 | 0 |
_aTT 770 _b.B8884 1994 |
| 082 | 0 | 0 |
_aHS 746.44 _bBr81 1994 |
| 100 | 1 |
_aBrown,Pauline. _916327 |
|
| 245 | 1 | 4 |
_aThe encyclopedia of embroidery techniques / _cPauline Brown. |
| 260 |
_aNew York : _bViking Studio Books, _cc1994. |
||
| 300 |
_a176 p. : _bcol. ill. ; _c23 cm. |
||
| 500 | _a"A Quarto book"--T.p. verso. | ||
| 500 | _aIncludes index. | ||
| 650 | 0 |
_aEmbroidery _xEncyclopedias. _916328 |
|
| 650 | 0 |
_aNeedlework _xEncyclopedias. _916329 |
|
| 906 |
_a7 _bcbc _corignew _d2 _eopcn _f19 _gy-gencatlg |
||
| 942 |
_2lcc _cBK |
||
| 999 |
_c382 _d382 |
||